00824nam a2200217 a 450000500170000000800410001704000270005804100080008504400070009308200200010011000500012024500400017026000570021030000560026750000590032350501140038265000240049665000260052065000280054665100320057420191224042219.0150814b2007 xxu|||||r|||| 00| 0 spa d aCO-BoIAVH cCO-BoIAVH 0 aspa ack 4a333.72068bC81p2 aCorporación Autónoma Regional de Nariño1 aPlan de acción trienal 2007-2009:3 aSan Juan de Pasto (Colombia):bCorponariño,c2007. a148 p.bilustraciones, color, mapas, tablasc27 cm. aIncluye listas de tablas, figuras, gráficos y mapas. aSíntesis ambiental. Acciones operativas. Plan financiero. Mecanismos de seguimiento y evaluación del PAT. 6aGestión Ambiental 6aProyectos ambientales 6aPolíticas ambientales 4aColombiazSan Juan de Pasto